| 000 | 00763nam a2200253 i 4500 | ||
|---|---|---|---|
| 001 | 000025750 | ||
| 003 | DO-SdBNP | ||
| 005 | 20230726142526.0 | ||
| 007 | ta | ||
| 008 | 110222s1953 dr c 000 0 spa d | ||
| 040 |
_aDO-SdBNP _bspa _cBNPHU _erda |
||
| 049 | _aBNPD | ||
| 082 | 4 |
_bN182m _222 |
|
| 100 | 1 |
_aNanita, María Caridad _952554 |
|
| 245 | 1 | 3 |
_aLa mujer dominicana en la era de Trujillo / _cMaría Caridad Nanita. |
| 264 | 1 |
_aCiudad Trujillo, República Dominicana : _bImpresora Dominicana, _c1953. |
|
| 300 |
_a41 páginas : _bretratos ; _c24 cm. |
||
| 336 |
_2rdacontent _atexto _btxt |
||
| 337 |
_2rdamedia _asin mediación _bn |
||
| 338 |
_2rdacarrier _avolumrn _bnc |
||
| 590 | _aInventariado, 2023/BT | ||
| 910 | _aBtavárez | ||
| 942 |
_2ddc _cLF2 |
||
| 999 |
_c25242 _d25242 |
||